000 00861nam a22001937a 4500
005 20251108173452.0
008 250721s2006 xx 000 0 ara d
082 1 4 _a345.02/مدغ
100 1 _aمدغمش، جمال عبد الغني
245 1 0 _aجريمة القتل : القتل لعمد - القنل القصد - القتل الخطأ -التحريض و الإشتراك و التدخل الشروع بالقتل - الدفاع المشروع الضرب المفضي إلى الموت القتل تمهيدا للسرقة في أحكام القضاء الجنايات في الفقه /
264 1 _aعمان :
_bمدغمش،
_c2006.
300 _a88 ص.
490 0 _aسلسلة الكتب القانونية
650 1 7 _aالجريمة
650 1 7 _aالقتل
650 1 7 _aعقوبة الإعدام
942 _2ddc
_cBK
999 _c104617
_d104617